000 00619nam a2200181Ia 4500
003 GCL
008 140319s9999 xx 000 0 ara d
040 _aGCL /
_cGCL
082 0 4 _a258.5
_bع ح
100 1 _aعبدالحليم محمود
245 1 0 _aحكم ابن عطاء الله: شرح العارف بالله الشيخ زروق /
_cعبدالحليم محمود
260 _a[S.N] :
_bدار الشعب للطباعة والنشر ،
_c1985
300 _a336 ص
490 _aكتاب الشعب
_v0
650 0 4 _aالاحكام الشرعية
650 0 4 _aالفقه الاسلامى
942 _2ddc
_cBK
999 _c52939
_d52939